تفاصيل مارك
| 000 -الفاتح |
| حقل البيانات ثابتة الطول |
05340cam a2200421 i 4500 |
| 001 - رقم الضبط |
| رقم الضبط |
1112381090 |
| 003 - محدد رقم الضبط |
| رقم الضبط |
OCoLC |
| 005 - وقت وتاريخ اخر تعامل مع التسجيلة |
| رقم الضبط |
20210305185846.0 |
| 008 - عناصر البيانات ثابتة الطول - معلومات عامة |
| حقل البيانات ثابتة الطول |
190823s2020 moua b 001 0 eng |
| 010 ## - رقم ضبط مكتبة الكونجرس |
| رقم ضبط مكتبة الكونجرس |
2019943498 |
| 020 ## - الرقم الدولى المعيارى للكتب |
| الرقم الدولى المعيارى للكتاب |
9780323676915 |
| Qualifying information |
hardcover |
| 040 ## - مصدر الفهرسة |
| وكالة الفهرسة الأصلية |
NLM |
| لغة الفهرسة |
eng |
| قواعد الوصف |
rda |
| وكالة النسخ |
NLM |
| وكالة التعديل |
OCLCF |
| -- |
OHS |
| -- |
YDX |
| -- |
TXI |
| -- |
IBI |
| -- |
UKMGB |
| -- |
OCLCO |
| -- |
OCLCA |
| -- |
KSU |
| -- |
UtOrBLW |
| 042 ## - رمز التحقق |
| رمز التحقق |
pcc |
| 050 #4 - رقم طلب مكتبة الكونجرس |
| رقم التصنيف |
RD755 |
| رقم المادة |
.L87 2020 |
| 060 00 - رقم الطلب بالمكتبة الطبية الوطنية |
| رقم التصنيف |
2020 A-700 |
| 060 10 - رقم الطلب بالمكتبة الطبية الوطنية |
| رقم التصنيف |
WE 172 |
| 082 04 - رقم تصنيف ديوى العشرى |
| رقم التصنيف |
617.9 |
| رقم الطبعة |
23 |
| رقم المادة |
ORP |
| 245 00 - بيان العنوان |
| العنوان |
Orthotics and prosthetics in rehabilitation / |
| بيان المسئوليه,etc |
[edited by] Kevin K. Chui, Milagros "Millee" Jorge, Sheng-Che Yen, Michelle M. Lusardi |
| 250 ## - بيان الطبعة |
| بيان الطبعة |
Fourth edition |
| 264 #1 - النشر, التوزيع, ETC. (IMPRINT) |
| مكان الناشر او الموزع |
St. Louis, Missouri : |
| اسم الناشر او الموزع |
Elsevier, |
| تاريخ النشر أو التوزيع |
[2020] |
| 300 ## - الوصف المادى |
| التعداد |
xiv, 817 pages : |
| تفاصيل ماديه اخرى للوعاء |
illustrations (chiefly colour) ; |
| أبعاد الوعاء |
29 cm |
| 500 ## - تبصرة عامة |
| تبصرة عامة |
Lusardi, Michelle M. appears first in earlier editions |
| 504 ## - تبصرة ببليوجرافية |
| تبصرة ببليوجرافية,الخ |
Includes bibliographical references and index |
| 505 00 - تبصرة محتويات-الفهرس |
| معلومات متنوعة |
Building baseline knowledge -- |
| العنوان |
Orthotics and prosthetics in rehabilitation: multidisciplinary approach / |
| بيان المسئولية |
Milagros Jorge -- |
| العنوان |
Aging and activity tolerance: implications for orthotic and prosthetic rehabilitation / |
| بيان المسئولية |
Ethan A. Hood, Kevin K. Chui, and Michelle M. Lusardi -- |
| العنوان |
Motor control, motor learning, and neural plasticity in orthotic and prosthetic rehabilitation / |
| بيان المسئولية |
Donna M. Bowers, Andrea Oberlander, Kevin K. Chui, Kimberly Leigh Malin, and Michelle M. Lusardi -- |
| العنوان |
Evidence-based approach to orthotic and prosthetic rehabilitation / |
| بيان المسئولية |
Jeremy E. Hilliard, Kevin K. Chui, Tabitha D. Galindo, And Michelle M. Lusardi -- |
| العنوان |
Clinical assessment of gait / |
| بيان المسئولية |
Olfat Mohamed and Heather Appling -- |
| العنوان |
Materials and Technology / |
| بيان المسئولية |
Geza F. Kogler, Michael Bridges, Jeremy E. Hilliard, And Kevin K. Chui -- |
| العنوان |
Footwear: foundation for lower extremity orthoses / |
| بيان المسئولية |
Daniel A. Riddick, Daniel H. Riddick, And Milagros Jorge -- |
| معلومات متنوعة |
Orthoses in rehabilitation -- |
| العنوان |
Foot Orthoses / |
| بيان المسئولية |
Elicia Pollard -- |
| العنوان |
Principles of lower extremity orthoses / |
| بيان المسئولية |
Eric Folmar, Heather Jennings, And Michelle M. Lusardi -- |
| العنوان |
Neurological and neuromuscular disease implications for orthotic use / |
| بيان المسئولية |
Donna M. Bowers and Kevin K. Chui -- |
| العنوان |
Orthoses for knee dysfunction / |
| بيان المسئولية |
S. Tyler Shultz -- |
| العنوان |
Orthoses in orthopedic care and trauma / |
| بيان المسئولية |
Melissa Thacker, Bradley Conner, and Michelle M. Lusardi -- |
| العنوان |
Orthoses for spinal dysfunction / |
| بيان المسئولية |
Theresa E. Leahy and Sharidy MacCord -- |
| العنوان |
Orthoses in the management of hand dysfunction / |
| بيان المسئولية |
Brian J. Wilkinson -- |
| العنوان |
Orthoses in burn care: splinting, orthotics, and prosthetics in the management of burns / |
| بيان المسئولية |
R, Scott Ward -- |
| العنوان |
Prescription wheelchairs: seating and mobility systems / |
| بيان المسئولية |
Susan H. Ventura and Katherine Bendix -- |
| معلومات متنوعة |
Prostheses in rehabilitation -- |
| العنوان |
Etiology of amputation / |
| بيان المسئولية |
Milagros Jorge -- |
| العنوان |
High-risk foot and wound healing / |
| بيان المسئولية |
Milagros Jorge and Eddie J. Traylor -- |
| العنوان |
Amputation surgeries for the lower limb / |
| بيان المسئولية |
Patrick D. Grimm and Benjamin K. Potter -- |
| العنوان |
Postoperative and preprosthetic care / |
| بيان المسئولية |
Tamara Gravano and Michelle M. Lusardi -- |
| العنوان |
Understanding and selecting prosthetic feet / |
| بيان المسئولية |
Kevin Carroll, John Rheinstein, and Elicia Pollard -- |
| العنوان |
Postsurgical management of partial foot and syme amputation / |
| بيان المسئولية |
Jonathan Day and Milagros Jorge -- |
| العنوان |
Transtibial prosthetics / |
| بيان المسئولية |
Todd Dewees -- |
| العنوان |
Transfemoral prostheses / |
| بيان المسئولية |
Joan E. Edelstein and Kevin K. Chui -- |
| العنوان |
Prosthetic options for persons with high-level and bilateral amputation / |
| بيان المسئولية |
Milagros Jorge, J. Douglas Call and Tyler Manee -- |
| العنوان |
Early rehabilitation in lower extremity dysvascular amputation / |
| بيان المسئولية |
Julie D. Ries and Kelly J. Negley -- |
| العنوان |
Advanced rehabilitation for people with microprocessor knee prostheses / |
| بيان المسئولية |
Christopher K. Wong and Joan E. Edelstein -- |
| العنوان |
Athletic options for persons with limb loss / |
| بيان المسئولية |
Carol Pierce Dionne and Joshua Thomas Williams -- |
| العنوان |
Rehabilitation for children with limb deficiencies / |
| بيان المسئولية |
Joan E. Edelstein and Susan Ann Denninger -- |
| العنوان |
Prosthetic options for persons with upper extremity amputation / |
| بيان المسئولية |
Susan Spaulding and Tzurei Chen -- |
| العنوان |
Rehabilitation for persons with upper extremity amputation / |
| بيان المسئولية |
Annemarie E. Orr |
| 520 ## - التبصرة الخاصة بالتعليق أو التلخيص |
| ملخص,الخ |
Gain a strong foundation in the field of orthotics and prosthetics! Orthotics and Prosthetics in Rehabilitation, 4th Edition is a clear, comprehensive, one-stop resource for clinically relevant rehabilitation information and application. Divided into three sections, this text gives you a foundation in orthotics and prosthetics, clinical applications when working with typical and special populations, and an overview of amputation and prosthetic limbs. This edition has been updated with coverage of the latest technology and materials in the field, new evidence on effectiveness and efficacy of interventions and cognitive workload associated usage along with enhanced color photographs and case studies - it's a great resource for students and rehabilitation professionals alike |
| 650 #0 - المدخل الاضافى بالموضوع-مصطلح موضوعى |
| مصطلح موضوعي أو اسم جغرافي كعنصر مدخل |
Orthopedic apparatus. |
| 9 (RLIN) |
64574 |
| 650 #0 - المدخل الاضافى بالموضوع-مصطلح موضوعى |
| مصطلح موضوعي أو اسم جغرافي كعنصر مدخل |
Prosthesis. |
| 9 (RLIN) |
88501 |
| 650 #0 - المدخل الاضافى بالموضوع-مصطلح موضوعى |
| مصطلح موضوعي أو اسم جغرافي كعنصر مدخل |
Orthopedic implants. |
| 9 (RLIN) |
64576 |
| 650 #0 - المدخل الاضافى بالموضوع-مصطلح موضوعى |
| مصطلح موضوعي أو اسم جغرافي كعنصر مدخل |
People with disabilities |
| التقسيم الفرعي العام |
Rehabilitation. |
| 9 (RLIN) |
38230 |
| 650 12 - المدخل الاضافى بالموضوع-مصطلح موضوعى |
| مصطلح موضوعي أو اسم جغرافي كعنصر مدخل |
Artificial Limbs. |
| 9 (RLIN) |
88316 |
| 650 22 - المدخل الاضافى بالموضوع-مصطلح موضوعى |
| مصطلح موضوعي أو اسم جغرافي كعنصر مدخل |
Orthotic Devices. |
| 9 (RLIN) |
64577 |
| 650 22 - المدخل الاضافى بالموضوع-مصطلح موضوعى |
| مصطلح موضوعي أو اسم جغرافي كعنصر مدخل |
Rehabilitation. |
| 9 (RLIN) |
88502 |
| 700 1# - المدخل الاضافى - اسم شخصى |
| الإسم الشخصى |
Chui, Kevin K., |
| الدور |
editor. |
| 9 (RLIN) |
88503 |
| 700 1# - المدخل الاضافى - اسم شخصى |
| الإسم الشخصى |
Jorge, Milagros, |
| الدور |
editor. |
| 9 (RLIN) |
64579 |
| 700 1# - المدخل الاضافى - اسم شخصى |
| الإسم الشخصى |
Yen, Sheng-Che, |
| الدور |
editor. |
| 9 (RLIN) |
88504 |
| 700 1# - المدخل الاضافى - اسم شخصى |
| الإسم الشخصى |
Lusardi, Michelle M., |
| الدور |
editor. |
| 9 (RLIN) |
64573 |
| 942 ## - عناصر المدخل الإضافي( كوها) |
| مصدر التصنيف او مخطط الترفيف |
Dewey Decimal Classification |
| Koha [default] item type |
كتاب |